Becoming Brazil : New fiction, poetry and memoir

Uloženo v:
Podrobná bibliografie
Hlavní autor: Stewart, Frank
Médium: Kniha
Jazyk:Undetermined
Vydáno: American University of Haiwai'l Press 2018
Témata:
Tagy: Přidat tag
Žádné tagy, Buďte první, kdo otaguje tento záznam!
Thư viện lưu trữ: Trung tâm Học liệu Trường Đại học Cần Thơ
LEADER 00608nam a2200205Ia 4500
001 CTU_236980
008 210402s9999 xx 000 0 und d
082 |a 869 
082 |b S849 
100 |a Stewart, Frank 
245 0 |a Becoming Brazil : 
245 0 |b New fiction, poetry and memoir 
245 0 |c Frank Stewart, Eric M.B. Becker, Noah Perales-Estoesta 
260 |a American 
260 |b University of Haiwai'l Press 
260 |c 2018 
650 |a Văn học Brazil,Brazilian literature 
904 |i Tuyến 
910 |a Tuyến 
980 |a Trung tâm Học liệu Trường Đại học Cần Thơ